00921nam a2200253 a 450000100100000000500170001000800410002702000260006802000260009404000250012008200170014510000210016224501290018326000770031230000210038949000250041050000670043550400300050250000360053265000290056870000300059770000150062783000250064200002364120251113092030.0101216s1989 sp 000 0 spa d a843680502x (Piramide) a8486168473 (F.C.S.R.) aDO-SdBNPbspacBNPHU a027.7bT357b1 aThompson, James.13aLa biblioteca universitaria :bintroducción a su gestión /cJames Thompson y Reg Carr ; traducción David Torra Ferrer. aMadrid :bFundación Germán Sánchez Ruipérez,bPirámide,c1989. a341 p. ;c22 cm.1 aBiblioteca del Libro aIncluye referencias biográficas de los autores en la solapa. aBibliografía p: 319-341 aIncluye notas a pie de página 0aBibliotecas académicas1 aTorra Ferrer, David,etr.1 aCarr, Reg. 0aBiblioteca del Libro